Biblioteca ESET

Tomá la voz | Ejes y propuestas para el abordaje de los consumos problemáticos en el ámbito educativo (Registro nro. 366)

Detalles MARC
000 -CABECERA
fixed length control field 00643nam a2200193Ia 4500
008 - ELEMENTOS DE LONGITUD FIJA-INFORMACION GENERAL
fixed length control field 221202s9999 xx 000 0 und d
020 ## - NUMERO INTERNACIONAL NORMALIZADO PARA LIBROS
Número Internacional Normalizado del libro 978950001517
040 ## - FUENTE DE CATALOGACION
Agencia de catalogación original AR-BeUNQ
Idioma de catalogación ESPAÑOL
Convenciones de la descripción aacr
110 ## - ASIENTO PRINCIPAL-NOMBRE CORPORATIVO
Nombre corporativo o de jurisdicción como elemento de entrada Argentina
Unidad subordinada Ministerio de Educación
245 #0 - MENCION DE TITULO
Título Tomá la voz
Otra información sobre el título Ejes y propuestas para el abordaje de los consumos problemáticos en el ámbito educativo
250 ## - MENCION DE EDICION
Mención de edición 1a ed.
260 ## - PUBLICACION, DISTRIBUCION, ETC.
Lugar de publicación, distribución, etc. Ciudad Autónoma de Buenos Aires
Nombre del editor, distribuidor, etc. Ministerio de Educación de la Nación
Fecha de publicación, distribución, etc 2021
300 ## - DESCRIPCION FISICA
Extensión 115p:
Dimensiones 28 x 20 cm
521 ## - NOTA DE AUDIENCIA
Nota de audiencia juvenil
546 ## - NOTA DE IDIOMA
Nota de idioma Español
653 ## - TERMINO DE INDIZACION - NO CONTROLADO
Término de indización no controlado Cuidado de la salud
653 ## - TERMINO DE INDIZACION - NO CONTROLADO
Término de indización no controlado Prevención de adicciones
942 ## - ELEMENTOS DE PUNTO DE ACCESO ADICIONAL (KOHA)
Tipo de ítem Koha Libros
Suppress in OPAC 0

No hay ítems disponibles.

ESET UNQ

☏ 4365-7188
 Avenida República de Francia 1714 entre Doctor Kenny y Concordia, Ezpeleta, Bs As.
✉ secretaria_eset@unq.edu.ar

Con tecnología Koha